000 01995nam0a2200361 4500
001 RU\NLR\bibl\1156021
005 20260407135702.0
010 _a5-02-032-60-0
_9200
021 _aRU
_b2007-70502
_93789
035 _a(NLR Aleph) 001142794
090 _a1428386
_c1428386
100 _a20071117d2007 |||y0rusy50 ca
101 0 _arus
102 _aRU
105 _aa |||||||||
200 1 _aСтруктура и строение земной коры Магаданского сектора России по геолого-геофизическим данным
_eсборник научных трудов
_fМ-во природ. ресурсов Рос. Федерации, Федер. агентство по недропользованию, Сиб. НИИ геологии, геофизики и минер. сырья
_gотв. ред. к.г.-м.н. А.С. Сальников
210 _aНовосибирск
_cНаука
_d2007
215 _a172 с., [2] л. цв. ил.
_cил., цв. ил.
_d29
300 _a50-летию СНИИГГиМСа посвящается
320 _aБиблиогр. в конце ст.
606 1 _aЗемная кора
_jСборники
_xСтроение
_xГеолого-геофизические исследования
_yМагаданская область
_92498764
_3RU\NLR\auth\661482168
606 1 _aЗемная кора
_jСборники
_xСтруктура
_yМагаданская область
_92498766
_3RU\NLR\auth\661482169
686 _aД211.19(2Р55-4М)в75я43
686 _aД390(2Р55-4М)я43
702 1 _aСальников
_bА. С.
_4340
712 0 2 _4475
_aСибирский НИИ геологии, геофизики и минерального сырья
_cНовосибирск
_9505868
_3RU\NLR\AUTH\8810004284
801 0 _aRU
_bNLR
_c20071117
_gRCR
801 1 _aRU
_bNLR
_c20071117
830 _aред. не раскрыть
942 _cBOOK
980 _aNB